000 00617nmc a2200241 a 4500
003 AR-BaBNM
005 20251128211538.0
008 174120s1998 ||||||||||||||000 | spa||
020 _a0-435-27255-1
040 _cAR-BaBNM
100 1 _aForsyth, Frederick
245 1 0 _aUsed in evidence and other stories
260 _aOxford
_bHeinemann
_c1998
300 _a63 p.
_bil.
490 0 _aHeinemann ELT Guided Readers
500 _aNivel intermedio
650 4 _aENSENANZA DE IDIOMAS
650 4 _aINGLES
650 4 _aCUENTOS
700 1 _aColbourn, Stephen
_eadaptador
942 _cBK
998 _cEugenia
999 _c20124
_d20124